Technological change and regional development
Αποθηκεύτηκε σε:
| Άλλοι συγγραφείς: | |
|---|---|
| Μορφή: | Βιβλίο |
| Γλώσσα: | English |
| Δημοσίευση: |
London :
Pion,
c1983
|
| Σειρά: | London papers in regional science ;
; 12 |
| Θέματα: | |
| Ετικέτες: |
Προσθήκη ετικέτας
Δεν υπάρχουν, Καταχωρήστε ετικέτα πρώτοι!
|
MARC
| LEADER | 00000nam a2200000 i 4500 | ||
|---|---|---|---|
| 001 | 1/4175 | ||
| 008 | 000524s1983 eng d | ||
| 020 | |a 0-85086-107-1 | ||
| 035 | |l 10061062 | ||
| 040 | |a GR-MY-UA |b gre |e aacr | ||
| 041 | 0 | |a eng | |
| 082 | 0 | |a 338.9 | |
| 245 | 1 | 0 | |a Technological change and regional development / |c edited by: A. Gillespie |
| 260 | |a London : |b Pion, |c c1983 | ||
| 300 | |a 171 p. | ||
| 490 | 1 | |a London papers in regional science |v ; 12 | |
| 504 | |a Includes bibliographical references | ||
| 650 | 0 | 0 | |a Technological innovations. |
| 650 | 0 | 0 | |a Regional economic disparities. |
| 650 | 0 | 0 | |a Regional economics. |
| 700 | 1 | |a Gillespie, Alex. |4 edt | |
| 830 | 0 | |a London papers in regional science ; |v ; 12 | |
| 852 | |a INST |b CHIOS |e 20000524 |h 338.9 GIL |p 005200017572 |q 005200017572 |t BK |y 0 | ||
| 901 | |a BIBL2-2000-2 | ||
| 909 | |a Χ |b 077950 | ||
| 922 | |a 2ΕΛΗ |b 200005 |c ΤΔΕ |d ΠΑΠΑΣΩΤΗΡΙΟΥ | ||
| 950 | |a 112-1999-11-05 | ||
| 970 | |a ΣΑΛΑΜΟΥΡΑ |b ΜΑΡΙΑ |z 2000/05/29 | ||